Responses for show #2038 - Wednesday, June 16, 1993

Al Lin game 5.

Contestants

Patrick Brannon, a student from Marietta, Georgia

Deborah Yaffe, a reporter originally from Colorado Springs, Colorado (whose 1-day cash winnings total $14,000)

Al Lin, a law student originally from Chesapeake, Virginia (whose 4-day cash winnings total $48,502)

[next game >>]

Jeopardy! Round responses

THE NEW TESTAMENT
COUNTRY MUSIC
MEDICINE
BIRTHPLACES
VOCABULARY
POTPOURRI
    $100 6
John the Baptist

Al
    $100 26
Jimmy Dean

Patrick
    $100 1
(Al: What is a callus?)
...
(Alex: [*], yes. “Grainy” in quotation marks was the important word in that clue.)

a corn

AlPatrick
    $100 10
Walt Disney

Al
    $100 16
(Patrick: What is Africa?)
(Deborah: What is Asia?)

Europe

AlDeborahPatrick
    $100 21
seeds

Al
    $200 7
Mary

Al
    $200 27
Tammy Wynette

Deborah
    $200 2
a nose

Patrick
    $200 12
Wyatt Earp

Deborah
    $200 17
oaf

Al
    $200 22
New Jersey

Deborah
    $300 8
Herod

Al
    $300 28
Crystal Gayle

Deborah
    $300 3
the shoulder

Al
    $300 13
Olivia de Havilland

Deborah
    $300 18
plate

Al
    $300 23
a chuck wagon

Deborah
    $400 9
the Beatitudes

Patrick
    $400 29
(Deborah: Who is Johnny Cash?)

Charlie Rich

Deborah
Triple Stumper
    $400 4
paralysis

Al
    $400 14
Aimee Semple McPherson

Deborah
    $400 19
cosmetics

Deborah
    $400 24
(Al: What are Hush Puppies?)

Buster Browns

Al
Triple Stumper
    $500 11
Simon Peter & Andrew

Al
    $500 30
Patsy Cline

Deborah
    $500 5
color blindness

Al
    $900 15
(Deborah: No guts, no glory...I'll bet it all.)
...
(Deborah: Who was Kennedy?)
(Alex: No. Correct response: "Who is [*]?" George Walker Bush.)

George Bush

Deborah
    $500 20
(Al: What is ginny?)

engine

AlDeborah
    $500 25
Victoria

Deborah

Scores at the first commercial break (after clue 15):

Al Deborah Patrick
$2,300 $0 $700

Scores at the end of the Jeopardy! Round:

Al Deborah Patrick
$2,100 $2,400 $700

Double Jeopardy! Round responses

"S" ON THE MAP
U.S. GOVERNMENT
ANIMALS
INVENTORS
HISTORY
PLAYWRIGHTS & ACTRESSES
    $200 30
Switzerland

Patrick
    $200 2
the U.S. Postal Service

Al
    $200 21
a pouch

Al
    $200 16
(Alexander Graham) Bell

Al
    $200 4
(Francisco) Franco

Al
    $200 12
Neil Simon

Deborah
    $400 29
Syria

Deborah
    $400 10
(Al: Who is the Majority Speaker?)

(Patrick: What is the Senate Pro Tem? Tempore?)

(Alex: Be more specific. I'll give you one more shot.)

(Patrick: Who is, the, I don't know.)

(Deborah: What is [*]?)

(Alex: Yes. The Vice President of the U.S. is the President of the Senate, and we needed [*] in the Senate.)

the President Pro Tem

AlDeborahPatrick
    $400 22
Terriers

Deborah
    $400 17
(Elisha) Otis

Al
    $400 8
Shogun

Al
    $400 13
Sam Shepard

Deborah
    $600 28
South Africa

Deborah
    $3,000 11
(Deborah: What is SETA?)

Job Corps

Deborah
    $600 23
Shetland

Patrick
    $600 18
(Al: What is a weaving machine?)

the Industrial Revolution

AlPatrick
    $600 7
the Stuarts

Al
    $600 14
Ruth Gordon

Deborah
    $800 27
San Marino

Al
    $800 9
General Services Administration

Deborah
    $800 26
salmon

Al
    $800 19
(Al: Who is Von Braun?)

(Robert) Goddard

AlPatrick
    $800 6
Poland

Triple Stumper
    $800 15
Eugene O'Neill

Al
    $1000 24
San Jose

Al
    $1000 3
Interstate Commerce Commission

Deborah
    $1000 25
(Alex: Sorry Deborah, not quickly enough. We've got about a minute to go now, Al.)

a newt

Triple Stumper
    $1000 20
(Henry) Bessemer

Al
    $2,000 5
the Mayaguez

Al
    $1000 1
Sarah Bernhardt

Deborah

Scores at the end of the Double Jeopardy! Round:

Al Deborah Patrick
$8,900 $5,200 $2,500

[wagering suggestions for these scores]

Final Jeopardy! Round responses

THE 1950s
(Alex: [To Al] Al was writing his response with 2 hands. He wasn't going to take any chances. He wrote down [*]. Queen Elizabeth II, yes. Not the ship.)
...
(Alex: That makes you a 5-time Jeopardy! champion, Al Lin. Congratulations to you. Deborah, good try. Nicely done. Al, we'll see you in our Tournament of Champions next year. And hopefully we'll have the pleasure of your company tomorrow as we introduce 3 new players. See you then, folks. So long!)
PatrickWhat is the Korean War Treaty?
$2,499
DeborahWhat is Eliz. II's coronation?
$5,200
AlWhat is coronation of QE2?
$1,501
Queen Elizabeth II's coronation

Final scores:

Al Deborah Patrick
$10,401 $10,400 $1
5-day champion: $58,903 + Jeopardy! '92 home game 2nd place: S&S Mills carpeting + Imperial wallcoverings + Jeopardy! '92 home game 3rd place: Service Merchandise gift certificate + Wheel of Fortune/Jeopardy! video games for the Super Nintendo Entertainment System and Sega Genesis system + Jeopardy! '92 home game

Game dynamics:

Coryat scores:

Al Deborah Patrick
$7,900 $9,100 $2,500
25 R
(including 1 DD),
6 W
21 R,
4 W
(including 2 DDs)
8 R,
2 W

Combined Coryat: $19,500

The J! Archive is created by fans, for fans. Scraping, republication, monetization, and malicious use prohibited; this site may use cookies and collect identifying information. See terms. The Jeopardy! game show and all elements thereof, including but not limited to copyright and trademark thereto, are the property of Jeopardy Productions, Inc. and are protected under law. This website is not affiliated with, sponsored by, or operated by Jeopardy Productions, Inc. Join the discussion at JBoard.tv.